00254nam a2200109Ia 4500100002000000654001600020245004000036260003500076082001300111300000800124546001200132 aPhilips Modev.  aManagement. aProject management with CPM & PERT. bVan nostand rainhold co.c2001 a658.4032 a283 aENGLISH